[Event "41st Olympiad Women 2014"]
[Site "Tromso NOR"]
[Date "2014.08.11"]
[Round "9.28"]
[Board "4"]
[White "Hapala, Elisabeth"]
[Black "Alarcon, Pamela"]
[Result "1-0"]
[WhiteElo "2083"]
[BlackElo "1906"]
[WhiteTeam "Austria"]
[BlackTeam "Nicaragua"]
[WhiteFideId "1622080"]
[BlackFideId "6100694"]
[EventDate "2014.08.02"]

1. e4 e5 2. Nf3 d6 3. d4 Nd7 4. Bc4 Be7 5. dxe5 dxe5 6. Qd5 Bb4+ 7. c3 Qe7 8.
cxb4 Nb6 9. Qxf7+ Qxf7 10. Bxf7+ Kxf7 11. Nxe5+ Kf6 12. f4 Be6 13. b3 Rd8 14.
Bb2 Ke7 15. Nd2 Nf6 16. O-O-O Rhf8 17. f5 Bg8 18. g4 Nbd7 19. Nxd7 Rxd7 20. h3
Rfd8 21. e5 Ne8 22. b5 Rd5 23. Ba3+ Kd7 24. e6+ Kc8 25. Be7 Rxb5 26. Bxd8 Kxd8
27. Nc4+ Kc8 28. Rd3 Rc5 29. Kb2 1-0

[Event "41st Olympiad Women 2014"]
[Site "Tromso NOR"]
[Date "2014.08.11"]
[Round "9.29"]
[Board "1"]
[White "Klinova, Masha"]
[Black "Baklanova, Tatiana"]
[Result "1-0"]
[WhiteTitle "IM"]
[BlackTitle "WIM"]
[WhiteElo "2312"]
[BlackElo "2229"]
[WhiteTeam "Israel"]
[BlackTeam "ICCD"]
[WhiteFideId "2802015"]
[BlackFideId "14100754"]
[EventDate "2014.08.02"]

1. e4 e6 2. d3 d5 3. Nd2 c5 4. Ngf3 Nc6 5. g3 g6 6. Bg2 Bg7 7. O-O Nge7 8. Re1
h6 9. c3 O-O 10. e5 Qc7 11. Qe2 b6 12. Nf1 g5 13. Ne3 Nxe5 14. Nxe5 Qxe5 15.
Nxd5 exd5 16. Qxe5 Bxe5 17. Rxe5 Be6 18. h4 Ng6 19. Re1 gxh4 20. Bxh6 Rfe8 21.
Bg5 h3 22. Bh1 Rac8 23. Bf6 Nf8 24. Kh2 Kh7 25. g4 Kg6 26. Bh4 f5 27. gxf5+ Kxf5
28. Re3 Kg4 29. Rxh3 Kh5 30. Bf3+ Kh6 31. Rg3 Ng6 32. Bg5+ Kg7 33. Kg2 Rh8 34.
Re1 Kf7 35. Rxe6 Kxe6 36. Bg4+ Ke5 37. Re3+ Kd6 38. Re6+ Kc7 39. Rxg6 Rcg8 40.
Rxg8 Rxg8 41. f4 Kd6 42. Kg3 Rg7 43. Bf6 Rh7 44. Be5+ Ke7 45. f5 Rh1 46. f6+ Kf7
47. Bf3 Rg1+ 48. Kf2 Rg5 49. Bxd5+ Kg6 50. d4 cxd4 51. cxd4 Rf5+ 52. Ke3 Rf1 53.
f7 1-0

[Event "41st Olympiad Women 2014"]
[Site "Tromso NOR"]
[Date "2014.08.11"]
[Round "9.29"]
[Board "2"]
[White "Myronenko, Natalya"]
[Black "Shvayger, Yuliya"]
[Result "0-1"]
[BlackTitle "WIM"]
[WhiteElo "1942"]
[BlackElo "2275"]
[WhiteTeam "ICCD"]
[BlackTeam "Israel"]
[WhiteFideId "14124530"]
[BlackFideId "14100126"]
[EventDate "2014.08.02"]

1. e4 c5 2. Nf3 Nc6 3. d4 cxd4 4. Nxd4 Qb6 5. Nb3 Nf6 6. Nc3 e6 7. Be3 Qc7 8.
Be2 Bb4 9. f3 a6 10. O-O b5 11. a4 Bxc3 12. bxc3 bxa4 13. Rxa4 d6 14. Qd2 O-O
15. Rfa1 d5 16. exd5 Nxd5 17. Bf2 Rd8 18. Bd3 Ne5 19. Bxa6 Nb4 20. Bd3 Rxa4 21.
Rxa4 Nbxd3 22. cxd3 Rxd3 23. Qe1 f6 24. Nc5 Rd5 25. Ne4 f5 26. Ng3 Nd3 27. Qa1
Nxf2 28. Kxf2 Qc5+ 29. Kf1 Bd7 30. Ne2 Bxa4 31. Qxa4 h6 32. Qe8+ Kh7 33. Qa4 Qe3
34. Nd4 Qc1+ 35. Kf2 Qxc3 36. Ne2 Qc5+ 37. Kg3 Qe3 38. Qa6 f4+ 39. Kh3 Rh5+ 40.
Kg4 Rg5+ 41. Kh3 Re5 42. Nc1 Qxc1 43. Qd3+ Rf5 44. Qd7 Qe1 45. Qe8 Qe5 46. Kh4
Qf6+ 47. Kh3 Rg5 48. Kh4 Rg6+ 49. Kh3 Qg5 0-1

[Event "41st Olympiad Women 2014"]
[Site "Tromso NOR"]
[Date "2014.08.11"]
[Round "9.29"]
[Board "3"]
[White "Vasiliev, Olga"]
[Black "Gerasimova, Olga"]
[Result "1-0"]
[WhiteTitle "WIM"]
[BlackTitle "WIM"]
[WhiteElo "2276"]
[BlackElo "2045"]
[WhiteTeam "Israel"]
[BlackTeam "ICCD"]
[WhiteFideId "2807602"]
[BlackFideId "24109622"]
[EventDate "2014.08.02"]

1. e4 c5 2. Nf3 Nc6 3. d4 cxd4 4. Nxd4 g6 5. c4 Bg7 6. Nc2 Nf6 7. Nc3 d6 8. Be2
O-O 9. O-O Be6 10. Be3 Ne5 11. b3 b6 12. Rc1 Bd7 13. f4 Nc6 14. Bf3 Rc8 15. Nd5
Na5 16. Nd4 Nxd5 17. exd5 Rc7 18. Qd3 Qc8 19. Bd2 Nb7 20. b4 Qb8 21. Rfe1 Re8
22. h3 Qc8 23. Kh2 Nd8 24. Be3 Bf6 25. g4 Bh4 26. Rg1 Bf6 27. a3 Bg7 28. h4 e5
29. dxe6 fxe6 30. h5 e5 31. Ne2 e4 32. Bxe4 Bxg4 33. hxg6 Rxe4 34. Qxe4 Bxe2 35.
Qe8+ Bf8 36. gxh7+ Kxh7 37. Qg6+ 1-0

[Event "41st Olympiad Women 2014"]
[Site "Tromso NOR"]
[Date "2014.08.11"]
[Round "9.29"]
[Board "4"]
[White "Marcinkeviciene, Egle"]
[Black "Borsuk, Angela"]
[Result "0-1"]
[BlackTitle "IM"]
[WhiteElo "1675"]
[BlackElo "2198"]
[WhiteTeam "ICCD"]
[BlackTeam "Israel"]
[WhiteFideId "12801011"]
[BlackFideId "2806452"]
[EventDate "2014.08.02"]

1. d4 d6 2. c4 e5 3. Nf3 e4 4. Nfd2 f5 5. e3 Nf6 6. Nc3 Be7 7. Be2 O-O 8. O-O c6
9. f3 d5 10. Qb3 Kh8 11. fxe4 fxe4 12. a3 b6 13. Qd1 Be6 14. cxd5 cxd5 15. Nb3
a6 16. Bd2 Bd6 17. Rc1 Qd7 18. Qe1 Qe8 19. Qh4 Nc6 20. Bd1 Ne7 21. Ne2 Nf5 22.
Qe1 Bxh2+ 23. Kxh2 Qh5+ 24. Kg1 Ng4 25. Rf4 Qh2+ 26. Kf1 Nfxe3+ 27. Bxe3 Nxe3+ 0-1

[Event "41st Olympiad Women 2014"]
[Site "Tromso NOR"]
[Date "2014.08.11"]
[Round "9.30"]
[Board "3"]
[White "Real Pereyra, Diana Carime"]
[Black "Isgandarova, Khayala"]
[Result "0-1"]
[WhiteTitle "WIM"]
[BlackTitle "WIM"]
[WhiteElo "2061"]
[BlackElo "2190"]
[WhiteTeam "Mexico"]
[BlackTeam "Turkey"]
[WhiteFideId "5104106"]
[BlackFideId "13401823"]
[EventDate "2014.08.02"]

1. d4 Nf6 2. c4 g6 3. Nc3 Bg7 4. e4 d6 5. Be2 O-O 6. Bg5 c5 7. d5 Qa5 8. Bd2 e5
9. h3 Qd8 10. g4 a6 11. a4 Ne8 12. Nf3 f5 13. gxf5 gxf5 14. exf5 Bxf5 15. Ng5 h6
16. Ne6 Bxe6 17. dxe6 Qf6 18. Be3 Nc6 19. Bg4 Qh4 20. Nd5 e4 21. Nf4 Ne5 22. Rg1
Rxf4 23. Bxf4 Nd3+ 24. Kd2 Qxf2+ 25. Qe2 Qxf4+ 26. Kc2 Qe5 27. Rab1 Nxb2 28. Qe1
b5 0-1

[Event "41st Olympiad Women 2014"]
[Site "Tromso NOR"]
[Date "2014.08.11"]
[Round "9.30"]
[Board "4"]
[White "Topel, Zehra"]
[Black "Duran Juarez, Citlali"]
[Result "1-0"]
[WhiteTitle "WIM"]
[BlackTitle "WCM"]
[WhiteElo "2156"]
[BlackElo "1982"]
[WhiteTeam "Turkey"]
[BlackTeam "Mexico"]
[WhiteFideId "6302661"]
[BlackFideId "5104084"]
[EventDate "2014.08.02"]

1. d4 d5 2. c4 e6 3. e3 Nf6 4. Nf3 Bb4+ 5. Nbd2 O-O 6. Bd3 dxc4 7. Bxc4 c5 8. a3
Bxd2+ 9. Qxd2 cxd4 10. Nxd4 e5 11. Nb5 Nc6 12. b4 Ne4 13. Qxd8 Rxd8 14. f3 Nd6
15. Nxd6 Rxd6 16. Bb2 Be6 17. Bb5 f6 18. Rd1 Rad8 19. Rxd6 Rxd6 20. Ke2 Kf7 21.
Bd3 Ne7 22. Rc1 Nd5 23. g3 Ne7 24. b5 Rd7 25. e4 Nc8 26. f4 exf4 27. gxf4 Bg4+
28. Ke3 Nd6 29. a4 g6 30. Ba3 Ke6 31. a5 Rd8 32. Rc7 Rc8 33. Bxd6 Kxd6 34. Rxb7
Rc7 35. e5+ fxe5 36. fxe5+ Kd7 37. Rxc7+ Kxc7 38. Bc4 Bc8 39. Kd4 g5 40. Kc5 Kd7
41. Bd5 h5 42. b6 axb6+ 43. axb6 g4 44. b7 Bxb7 45. Bxb7 Ke6 46. Kd4 Ke7 47. Bc8
Kd8 48. Bf5 Ke7 49. Kd5 Kf7 50. Kd6 1-0

[Event "41st Olympiad Women 2014"]
[Site "Tromso NOR"]
[Date "2014.08.11"]
[Round "9.31"]
[Board "1"]
[White "Cori T., Deysi"]
[Black "Dimitrijevic, Aleksandra"]
[Result "1/2-1/2"]
[WhiteTitle "WGM"]
[BlackTitle "WFM"]
[WhiteElo "2422"]
[BlackElo "2293"]
[WhiteTeam "Peru"]
[BlackTeam "Bosnia & Herzegovina"]
[WhiteFideId "3801934"]
[BlackFideId "929239"]
[EventDate "2014.08.02"]

1. d4 Nf6 2. c4 d6 3. Nc3 Bf5 4. f3 e5 5. dxe5 dxe5 6. Qxd8+ Kxd8 7. e4 Be6 8.
Be3 c6 9. a3 Nbd7 10. Na4 Kc7 11. Rc1 Nb6 12. Nc5 Bxc5 13. Bxc5 Na4 14. Bb4 a5
15. Bd2 Rhd8 16. Nh3 Bxh3 17. gxh3 Nxb2 18. Rg1 Nd3+ 19. Bxd3 Rxd3 20. Rxg7 Rxf3
21. Rxf7+ Kd6 22. Rb1 b6 23. Ke2 Ke6 24. Kxf3 Kxf7 25. Rxb6 Rd8 26. Be3 Rd3 27.
Rxc6 Rxa3 28. Rc7+ Ke6 29. Rc6+ Kf7 30. Rc7+ Ke6 31. Ra7 Ra4 32. Ra6+ Kf7 33.
Ra7+ Ke6 34. Ra6+ Kf7 35. Rc6 1/2-1/2

[Event "41st Olympiad Women 2014"]
[Site "Tromso NOR"]
[Date "2014.08.11"]
[Round "9.31"]
[Board "2"]
[White "Boric, Elena"]
[Black "Apaza, Flor"]
[Result "1-0"]
[WhiteTitle "WIM"]
[WhiteElo "2196"]
[BlackElo "1552"]
[WhiteTeam "Bosnia & Herzegovina"]
[BlackTeam "Peru"]
[WhiteFideId "14400839"]
[BlackFideId "3801888"]
[EventDate "2014.08.02"]

1. e4 e5 2. Nf3 Nc6 3. Bb5 Bc5 4. Qe2 Nf6 5. c3 d6 6. O-O Bd7 7. a4 a5 8. d3 Ne7
9. d4 exd4 10. cxd4 Bb6 11. h3 h6 12. Nc3 O-O 13. Bd3 Re8 14. Be3 c6 15. Rad1
Be6 16. Bc2 Qc7 17. Nh4 g5 18. Qf3 Kg7 19. e5 dxe5 20. dxe5 Qxe5 21. Bxb6 gxh4
22. Bd4 Bg4 23. hxg4 Qe6 24. Rfe1 Qd6 25. Ne4 1-0

[Event "41st Olympiad Women 2014"]
[Site "Tromso NOR"]
[Date "2014.08.11"]
[Round "9.31"]
[Board "3"]
[White "Valdivia Cano, Nicole"]
[Black "Jacimovic, Sara"]
[Result "0-1"]
[WhiteElo "1550"]
[BlackElo "2032"]
[WhiteTeam "Peru"]
[BlackTeam "Bosnia & Herzegovina"]
[WhiteFideId "3817504"]
[BlackFideId "14403668"]
[EventDate "2014.08.02"]

1. e4 e5 2. Bc4 Nf6 3. Nc3 Nc6 4. d3 Bc5 5. Bg5 h6 6. Be3 d6 7. Nf3 a6 8. Qd2
Bg4 9. h3 Bxf3 10. gxf3 Nh5 11. O-O-O b5 12. Bd5 Qd7 13. Bxc5 dxc5 14. Qe3 Qd6
15. Ne2 Nf6 16. Bxc6+ Qxc6 17. Rhg1 g5 18. h4 gxh4 19. f4 exf4 20. Qxf4 O-O-O
21. Qxh4 Nd7 22. Qf4 Qe6 23. a3 Rdf8 24. Rh1 f5 25. f3 fxe4 26. Qxe4 Qf6 27. f4
Re8 28. Qf3 Nb6 29. Rh5 Kb8 30. Nc3 c4 31. Ne4 Qc6 32. Rc5 Qb7 33. Rh1 cxd3 34.
cxd3 Na4 35. Rch5 Qc6+ 36. Kb1 Rd8 37. f5 Qd5 38. Rd1 Qb3 39. Rd2 Rhe8 40. f6
Rxe4 41. Rh1 Rde8 42. Qf2 R4e6 43. f7 Rf8 44. Qg3 Rc6 45. Ka1 Rxf7 46. Qg8+ Kb7
47. Rf2 Rcf6 48. Qg2+ Ka7 49. Re2 Qxd3 50. Re8 Rf1+ 51. Re1 R1f2 52. Qg1 Qb3 53.
Re2 Nc3 54. bxc3 Qxc3+ 0-1

[Event "41st Olympiad Women 2014"]
[Site "Tromso NOR"]
[Date "2014.08.11"]
[Round "9.32"]
[Board "1"]
[White "Colombo, Camila"]
[Black "Nasriddinzoda, Marvorii"]
[Result "0-1"]
[WhiteTitle "WIM"]
[WhiteElo "2107"]
[BlackElo "2021"]
[WhiteTeam "Uruguay"]
[BlackTeam "Tajikistan"]
[WhiteFideId "3001822"]
[BlackFideId "14700395"]
[EventDate "2014.08.02"]

1. d4 Nf6 2. c4 e6 3. Nf3 b6 4. e3 Bb7 5. Bd3 a6 6. Nc3 d5 7. cxd5 exd5 8. Ne5
Bd6 9. f4 c5 10. O-O Nc6 11. Qe1 O-O 12. Qh4 Ne7 13. g4 Ne4 14. f5 f6 15. Nf3
Qe8 16. Bd2 Bc7 17. Rad1 Rd8 18. Bc1 Nc8 19. dxc5 bxc5 20. Nxe4 dxe4 21. Bc4+
Kh8 22. g5 exf3 23. g6 h6 24. Be6 Ne7 25. e4 Nxg6 26. fxg6 Qxg6+ 27. Qg4 Qxe4
28. Qxe4 Bxe4 29. Be3 f5 30. Bxc5 Rf6 31. Bc4 Rg6+ 32. Kf2 Rg2+ 33. Ke3 Re8 34.
Rd4 f4# 0-1

[Event "41st Olympiad Women 2014"]
[Site "Tromso NOR"]
[Date "2014.08.11"]
[Round "9.32"]
[Board "2"]
[White "Antonova, Nadezhda"]
[Black "de Leon, Patricia"]
[Result "1-0"]
[WhiteTitle "WFM"]
[BlackTitle "WFM"]
[WhiteElo "2004"]
[BlackElo "1921"]
[WhiteTeam "Tajikistan"]
[BlackTeam "Uruguay"]
[WhiteFideId "14700182"]
[BlackFideId "3000273"]
[EventDate "2014.08.02"]

1. Nf3 f5 2. g3 b6 3. Bg2 Bb7 4. O-O Nf6 5. c4 e6 6. b3 Be7 7. Bb2 O-O 8. d3 Qe8
9. Nbd2 a5 10. a3 Na6 11. Bc3 Qh5 12. Qc2 d6 13. d4 Ne4 14. Nxe4 Bxe4 15. Qb2 g5
16. b4 a4 17. Ne1 Bxg2 18. Kxg2 g4 19. Nd3 Qh3+ 20. Kg1 Bg5 21. Bd2 Qh6 22. Bxg5
Qxg5 23. b5 Nb8 24. c5 Nd7 25. Qc1 Qg7 26. Nf4 Rae8 27. cxd6 cxd6 28. Qc4 Qh6
29. e3 Rf6 30. Qc7 Nf8 31. Qxd6 Ng6 32. Qc6 Qf8 33. Rfc1 Nh8 34. Qd7 Rf7 35. Qc6
Rfe7 36. Qxb6 Nf7 37. Qc5 Ng5 38. Kg2 h5 39. Ng6 Qg7 40. Nxe7+ Rxe7 41. Qe5 Qxe5
42. dxe5 Nf3 43. b6 Rb7 44. Rc8+ 1-0

[Event "41st Olympiad Women 2014"]
[Site "Tromso NOR"]
[Date "2014.08.11"]
[Round "9.32"]
[Board "3"]
[White "Larrea, Daniela"]
[Black "Ilhom, Mootribai"]
[Result "0-1"]
[WhiteElo "1709"]
[BlackElo "1698"]
[WhiteTeam "Uruguay"]
[BlackTeam "Tajikistan"]
[WhiteFideId "3003000"]
[BlackFideId "14700204"]
[EventDate "2014.08.02"]

1. d4 Nf6 2. Nf3 g6 3. g3 Bg7 4. Bg2 O-O 5. O-O d6 6. a4 Nc6 7. a5 a6 8. h3 h5
9. c3 e5 10. dxe5 dxe5 11. Ng5 Qe7 12. Qc2 Rd8 13. Rd1 Bf5 14. e4 Rxd1+ 15. Qxd1
Rd8 16. Qe2 Be6 17. Nxe6 Qxe6 18. Nd2 Qd6 19. Bf3 Nd7 20. Nc4 Qe6 21. Kh2 Nc5
22. Be3 Nd3 23. b3 Bf8 24. Rd1 Nc5 25. Rxd8 Nxd8 26. Qd2 Nc6 27. Bd1 Nxe4 28.
Qc2 Nc5 29. Nd2 Qd7 30. b4 Ne6 31. Ne4 Be7 32. Qd2 Qxd2 33. Nxd2 Kg7 34. Nc4 Ng5
35. Bxg5 Bxg5 36. Nxe5 Nxe5 37. f4 Bf6 38. fxe5 Bxe5 39. c4 c6 40. Be2 Bc3 41.
b5 axb5 42. cxb5 Bxa5 43. bxc6 bxc6 44. Kg2 f5 45. Kf3 Kf6 46. h4 Be1 47. Bc4 g5
48. hxg5+ Kxg5 49. Bf7 h4 50. gxh4+ Bxh4 51. Be8 c5 52. Bf7 Kf6 53. Bc4 Ke5 54.
Ba6 f4 55. Bf1 Bg3 56. Ke2 Kd4 57. Kd2 c4 58. Be2 c3+ 59. Kd1 Ke3 60. Bb5 Be1
61. Ba4 Bd2 62. Bb5 f3 63. Bc4 Kf2 64. Bd5 Kg3 65. Bc4 f2 66. Bf1 Kh2 67. Bd3
Kg1 0-1

[Event "41st Olympiad Women 2014"]
[Site "Tromso NOR"]
[Date "2014.08.11"]
[Round "9.32"]
[Board "4"]
[White "Odinaeva, Saodat"]
[Black "Costa, Anaclara"]
[Result "1-0"]
[WhiteElo "1785"]
[BlackElo "1658"]
[WhiteTeam "Tajikistan"]
[BlackTeam "Uruguay"]
[WhiteFideId "14700255"]
[BlackFideId "3005666"]
[EventDate "2014.08.02"]

1. Nf3 f5 2. d4 Nf6 3. g3 e6 4. Bg2 Be7 5. O-O O-O 6. c4 d6 7. Nc3 Qe8 8. e3 Ne4
9. Ne2 b6 10. Nf4 g5 11. Nd3 Nd7 12. b3 Bb7 13. Bb2 Rb8 14. Rc1 c5 15. Nfe1 g4
16. Nf4 e5 17. Nd5 Bxd5 18. cxd5 Qh5 19. dxe5 Nxe5 20. Bxe5 dxe5 21. Bxe4 Rf6
22. Bg2 Rh6 23. f3 Qxh2+ 24. Kf2 Rh3 25. Ke2 Rxg3 26. Rf2 Qh5 27. d6 Bf6 28. d7
Rd8 29. Qd5+ Kh8 30. Rd1 e4 31. fxe4 Rxe3+ 32. Kxe3 Bg5+ 33. Ke2 g3+ 34. Rf3 1-0

[Event "41st Olympiad Women 2014"]
[Site "Tromso NOR"]
[Date "2014.08.11"]
[Round "9.33"]
[Board "1"]
[White "Heredia Serrano, Carla"]
[Black "Arakhamia-Grant, Ketevan"]
[Result "0-1"]
[WhiteTitle "WGM"]
[BlackTitle "GM"]
[WhiteElo "2168"]
[BlackElo "2394"]
[WhiteTeam "Ecuador"]
[BlackTeam "Scotland"]
[WhiteFideId "3603687"]
[BlackFideId "13600168"]
[EventDate "2014.08.02"]

1. e4 d6 2. d4 Nf6 3. Nc3 e5 4. Nf3 Nbd7 5. Bc4 Be7 6. O-O O-O 7. a4 c6 8. a5
exd4 9. Qxd4 Nc5 10. h3 Be6 11. Bxe6 Nxe6 12. Qc4 Qc7 13. Be3 b5 14. axb6 axb6
15. Nd4 Nxd4 16. Bxd4 Qb7 17. e5 dxe5 18. Bxe5 b5 19. Qf4 c5 20. Rxa8 Rxa8 21.
Rd1 b4 22. Bxf6 Bxf6 23. Ne4 Bxb2 24. Nxc5 Qb5 25. Qd6 h6 26. Nd3 Bc3 27. Rb1
Rb8 28. g3 Kh7 29. Qe7 Qc4 30. Qd6 Rb5 31. Nf4 g6 32. Qd3 Qc6 33. Rd1 Rf5 34.
Nd5 Qc5 35. Ne3 Rf6 36. Qd5 Qa7 37. h4 h5 38. Kg2 Kg7 39. Qd3 Qc5 40. Qd5 Qb6
41. Kg1 Qa6 42. Qd3 Qa7 43. Qd5 Re6 44. Kg2 Bf6 45. Qb5 Bd4 46. Qxb4 Qa8+ 47.
Kh2 Bxe3 48. fxe3 Qf3 49. Qd4+ Kg8 50. Rd3 Qf2+ 51. Kh3 Qg1 52. Rd1 Qf2 53. Rd2
Qf3 54. Qf4 Qh1+ 55. Rh2 Qd5 56. Rf2 Re4 57. Qb8+ Kg7 58. Qb2+ Kh7 59. Qf6 Kg8
60. Rf3 Rc4 61. c3 Rc6 62. Qf4 Rxc3 63. Qb8+ Kh7 64. Qf4 Qd7+ 65. Kh2 Rc7 66.
Rf2 Rb7 67. Qd4 Qe6 68. Rd2 Rb1 69. Qd7 Qf6 70. Qd5 Re1 71. Qg2 Rxe3 72. Rf2 Qe6
73. Qf1 Kg8 74. Rf3 Re1 75. Qg2 Qe5 76. Rf2 Re4 77. Qh3 Rg4 78. Rg2 f5 79. Rf2
Re4 80. Kg1 Re3 81. Kh2 Re4 82. Kg1 Qa1+ 83. Kh2 Kg7 84. Qf1 Qe5 85. Qh3 Kh6 86.
Kg2 Re3 87. Kh2 Ra3 88. Qg2 Ra4 89. Kh3 Re4 90. Rf3 Re2 91. Rf2 Re3 92. Rf3 Re2
93. Rf2 Re4 94. Rf3 Kg7 95. Rf2 Qd4 96. Ra2 Re7 97. Qb2 Qxb2 98. Rxb2 Re4 99.
Rb7+ Kh6 100. Rf7 Rg4 101. Kh2 Re4 102. Kg2 Re3 103. Kf2 Re8 104. Kf3 Rh8 105.
Kf4 Re8 106. Kf3 Re5 107. Rb7 Re6 108. Rf7 Ra6 109. Kf4 Ra4+ 110. Kf3 Rg4 111.
Rb7 f4 112. gxf4 Rxh4 113. Rb6 Kg7 114. Rb7+ Kf6 115. Rb6+ Kf7 116. Rb7+ Ke8
117. Kg3 Rg4+ 118. Kf3 Kf8 119. Ra7 Rg1 120. Kf2 Rd1 121. Kg3 Rd4 122. Kf3 Rb4
123. Kg3 Re4 124. Rb7 Re7 125. Rb6 Kg7 126. Ra6 Rf7 127. Rb6 Ra7 128. Rb3 Ra5
129. Rb6 Ra3+ 130. Kh4 Rf3 131. Rb4 Kf6 132. Rb6+ Kf5 133. Rb5+ Kxf4 134. Rf5+
gxf5 0-1

[Event "41st Olympiad Women 2014"]
[Site "Tromso NOR"]
[Date "2014.08.11"]
[Round "9.33"]
[Board "2"]
[White "Bamber, Elaine"]
[Black "Bosch Garcia, Jacqueline"]
[Result "1-0"]
[WhiteTitle "WFM"]
[BlackTitle "WFM"]
[WhiteElo "2077"]
[BlackElo "2173"]
[WhiteTeam "Scotland"]
[BlackTeam "Ecuador"]
[WhiteFideId "2401428"]
[BlackFideId "3503844"]
[EventDate "2014.08.02"]

1. e4 e5 2. Bc4 Nc6 3. d3 Bc5 4. Nf3 Nf6 5. O-O d6 6. Bg5 h6 7. Bh4 Bg4 8. c3
Bb6 9. b4 g5 10. Bg3 Nh5 11. a4 a5 12. b5 Nb8 13. d4 Nxg3 14. fxg3 Qe7 15. Kh1
Nd7 16. h3 Bh5 17. g4 Bg6 18. Ng1 O-O-O 19. Ne2 exd4 20. cxd4 h5 21. gxh5 Bxh5
22. Nbc3 Rdg8 23. Nd5 Qxe4 24. Ng3 Qxd5 25. Bxd5 Bxd1 26. Raxd1 g4 27. Bxf7 Rg7
28. Kh2 Nf8 29. Nh5 Rgh7 30. hxg4 c6 31. Rf5 d5 32. bxc6 bxc6 33. Rc1 Kb7 34.
Be8 Nd7 35. Bxd7 Rxd7 36. Rb1 Ka7 37. Rd1 Re7 38. Kg3 Re4 39. Rf7+ Ka6 40. Rc1
Rc8 41. g5 Bxd4 42. g6 Re6 43. g7 Rg6+ 44. Kf4 Rxg2 45. Kf5 Rf2+ 46. Ke6 Re8+
47. Kd7 Rxf7+ 48. Kxe8 Rxg7 49. Nxg7 Bxg7 50. Rxc6+ Kb7 51. Rd6 Bc3 52. Rxd5 Kc6
53. Rb5 Be1 54. Ke7 Bb4+ 55. Ke6 Kc7 56. Kd5 Be1 57. Kc4 Bb4 58. Rh5 Kd6 59.
Rd5+ Kc6 60. Rd1 Kb6 61. Rh1 Kc6 62. Rh6+ Kc7 63. Kb5 Kd7 64. Rc6 Ke7 65. Rc1
Kd7 66. Kb6 Kd6 67. Rd1+ Ke6 68. Kc6 Ke5 69. Rd5+ Ke6 70. Rh5 Kf6 71. Rh2 Ke6
72. Re2+ Kf5 73. Re8 Kf6 74. Kb6 Kf7 75. Re5 Be7 76. Kxa5 1-0

[Event "41st Olympiad Women 2014"]
[Site "Tromso NOR"]
[Date "2014.08.11"]
[Round "9.33"]
[Board "3"]
[White "Romero Echeverria, Abigail"]
[Black "Roy, Ali"]
[Result "1/2-1/2"]
[WhiteTitle "WFM"]
[WhiteElo "2098"]
[BlackElo "1913"]
[WhiteTeam "Ecuador"]
[BlackTeam "Scotland"]
[WhiteFideId "3603806"]
[BlackFideId "2400456"]
[EventDate "2014.08.02"]

1. e4 e6 2. d4 d5 3. e5 c5 4. c3 Nc6 5. Nf3 Bd7 6. Be2 cxd4 7. cxd4 Nge7 8. Na3
Nf5 9. Nc2 Be7 10. O-O O-O 11. Bd3 f6 12. g4 fxe5 13. dxe5 Nh4 14. Nxh4 Bxh4 15.
f4 g5 16. Qe2 Qe7 17. b3 Qg7 18. Bd2 Rf7 19. f5 Qxe5 20. Qg2 Raf8 21. Be1 exf5
22. gxf5 Rg7 23. Rd1 d4 24. Bc4+ Kh8 25. Bg3 Qc5 26. Qd5 Qxd5 27. Bxd5 Bxg3 28.
hxg3 Rxf5 29. Bc4 Rxf1+ 30. Kxf1 Bh3+ 31. Kf2 Rd7 32. Bb5 Rf7+ 33. Ke1 Ne5 34.
Nxd4 Nf3+ 35. Nxf3 Rxf3 36. Rd8+ Kg7 37. Rb8 Rf7 38. Bd3 Bg2 39. Re8 Kf6 40. Kd2
Bc6 41. Rh8 Re7 42. Rxh7 Rxh7 43. Bxh7 Ke5 44. Ke3 Bd5 45. Bc2 a5 46. a3 b6 47.
b4 axb4 48. axb4 Bc6 49. Bd3 1/2-1/2

[Event "41st Olympiad Women 2014"]
[Site "Tromso NOR"]
[Date "2014.08.11"]
[Round "9.33"]
[Board "4"]
[White "Durno, Joy"]
[Black "Moncayo Romero, Evelyn"]
[Result "0-1"]
[WhiteTitle "WFM"]
[BlackTitle "WIM"]
[WhiteElo "1862"]
[BlackElo "2119"]
[WhiteTeam "Scotland"]
[BlackTeam "Ecuador"]
[WhiteFideId "2403501"]
[BlackFideId "3600424"]
[EventDate "2014.08.02"]

1. d4 Nf6 2. c4 e5 3. dxe5 Ng4 4. Nf3 Bc5 5. e3 Nc6 6. Nc3 O-O 7. Be2 Re8 8. O-O
Ngxe5 9. Nxe5 Nxe5 10. Na4 Bf8 11. b3 a5 12. c5 d6 13. Bb2 Qh4 14. Rc1 Re6 15.
g3 Qh3 16. f4 Rh6 17. Rf2 Ng4 18. Bxg4 Bxg4 19. Qd5 Re8 20. Bd4 Bd7 21. Qxb7
dxc5 22. Nxc5 Bc6 23. Qa6 Qxg3+ 24. Kf1 Qh3+ 25. Ke1 Rxe3+ 26. Kd2 Rd6 27. Qc4
Bd5 28. Qf1 Bg2 29. Qc4 Rf3 30. Kc2 Qf5+ 31. Kb2 Rxf4 32. Rxf4 Qxf4 33. Bc3 Qxc4
34. bxc4 Rb6+ 35. Nb3 a4 36. Bd4 c5 37. Be5 axb3 38. axb3 Bd6 39. Bc3 Be4 40.
Rg1 g6 41. Rd1 f5 0-1

[Event "41st Olympiad Women 2014"]
[Site "Tromso NOR"]
[Date "2014.08.11"]
[Round "9.34"]
[Board "1"]
[White "Meghara, Lylia"]
[Black "Coimbra, Margarida"]
[Result "1/2-1/2"]
[WhiteTitle "WFM"]
[BlackTitle "WFM"]
[WhiteElo "1811"]
[BlackElo "2071"]
[WhiteTeam "Algeria"]
[BlackTeam "Portugal"]
[WhiteFideId "7902867"]
[BlackFideId "1901192"]
[EventDate "2014.08.02"]

1. e4 e5 2. Nf3 Nc6 3. Bb5 a6 4. Ba4 Nf6 5. O-O b5 6. Bb3 Bc5 7. c3 d6 8. a4 Bb7
9. Re1 O-O 10. d4 Bb6 11. Bg5 h6 12. Bh4 g5 13. Bg3 exd4 14. cxd4 Re8 15. d5 Ne7
16. axb5 axb5 17. Rxa8 Bxa8 18. Qd3 Ng6 19. Nbd2 Qd7 20. Nd4 Bxd5 21. Bxd5 Nxd5
22. Qxb5 Qxb5 23. Nxb5 Ndf4 24. Nc4 Nd3 25. Rd1 Rxe4 26. Nbxd6 cxd6 27. Nxb6
Nxb2 28. Rb1 Ne5 29. f3 Re2 30. Kf1 Rc2 31. Nd5 Nbc4 32. Rd1 Kg7 33. Bf2 Rd2 34.
Rxd2 Nxd2+ 35. Ke2 Ndc4 36. g3 f5 37. h3 Kf7 38. f4 Ng6 39. Kd3 Na5 40. fxg5
hxg5 41. Be3 Ne5+ 42. Ke2 Kg6 43. Ne7+ Kf6 44. Nd5+ Kg6 45. Ne7+ Kf6 46. Nd5+
Kg6 47. Ne7+ 1/2-1/2